| 000 | 01588nam a2200349 c 4500 | ||
|---|---|---|---|
| 003 | BLK | ||
| 005 | 20250417115553.0 | ||
| 008 | 180408b bul|||||r ||||||| ||bul|| | ||
| 010 | _aKNG00098843000 | ||
| 020 |
_a978-954-26-0930-8 _bиздат.: Хермес |
||
| 040 | _aBLK | ||
| 041 |
_aBUL _cBUL |
||
| 072 | 7 |
_2bullib _aН83 _xЧужда художествена литература Н |
|
| 080 |
_aАмериканска литература (на САЩ) _b821.111(73) _x-94 _z821.111(73)-94 |
||
| 100 | 1 |
_aМортенсън, Грег _eпърви автор _999226 |
|
| 700 | 1 |
_aРелин, Дейвид Оливър _eсъавт. _9115862 |
|
| 700 | 1 |
_aЛесева, Светлозара Илиева _eпрев. от англ. _9276663 |
|
| 139 |
_aМортенсън, Грег и др. _bМ 90 |
||
| 245 | 1 | 0 |
_aТри чаши чай _cГрег Мортенсън; съавт. Дейвид Оливър Релин; прев. от англ. Светлозара Илиева Лесева. |
| 257 | _aUSA | ||
| 260 |
_аПловдив _bХермес _c2010 _fХасково : Полиграфюг |
||
| 300 |
_a368 с., 4 л. _bсн. _c21 см |
||
| 380 | _aX | ||
| 500 | _aОриг. загл. Three Cups of Tea : One man's mission to Promote peace... One school at a time / Greg Mortenson, David Oliver Relin. - Азб. показалец. | ||
| 659 | _aН | ||
| 852 | _aЦб 250430 | ||
| 856 | 4 |
_qpdf _u |
|
| 856 | 4 |
_qpdf _u |
|
| 942 |
_cKNG _n0 _031 |
||
| 944 |
_aCR _c17.12.2010 _lЦветомила Тодорова _k30576 |
||
| 944 |
_aED _c08.03.2013 _lф / _k |
||
| 999 |
_c94025 _d94025 |
||